000 00653nam a2200241Ia 4500
003 OSt
005 20220918175036.0
006 a|||||r|||| 00| 0
007 ta
008 220917b |||||||| |||| 00| 0 eng d
024 _a15,350
037 _cTextual
040 _aARTS
_cARTS
_beng
041 _2eng
_aeng
082 _aO111:gx, M2
100 _aWyrick Jean
_952641
245 0 _aDiscovering ideas
_b An anthology for writers
260 _aNew York
_bHolt , Rinehart and Winston
_c1982
300 _axx,364p.
_ccm.
650 _aENGLISH LITERATURE
942 _hO111:gx, M2
_cTEXL
_2CC
999 _c155761
_d155761